Women In Development : Gender and Equity (Record no. 521566)
[ view plain ]
| 000 -LEADER | |
|---|---|
| fixed length control field | 00256nam a22000977a 4500 |
| 082 ## - DEWEY DECIMAL CLASSIFICATION NUMBER | |
| Classification number | TNC B142 B229 |
| 100 ## - MAIN ENTRY--PERSONAL NAME | |
| Personal name | Bapna, Ashok |
| 9 (RLIN) | 35437 |
| 245 ## - TITLE STATEMENT | |
| Title | Women In Development : Gender and Equity |
| 260 ## - PUBLICATION, DISTRIBUTION, ETC. (IMPRINT) | |
| Place of publication, distribution, etc | New delhi |
| Name of publisher, distributor, etc | Rajasthan Chapter SID |
| Date of publication, distribution, etc | 1988 |
| 300 ## - PHYSICAL DESCRIPTION | |
| Extent | 85P. |
| Withdrawn status | Lost status | Source of classification or shelving scheme | Damaged status | Koha normalized classification for sorting | Not for loan | Permanent location | Current location | Date acquired | Full call number | Barcode | Date last seen | Price effective from | Koha item type |
|---|---|---|---|---|---|---|---|---|---|---|---|---|---|
| TNC_B142_B229 | Indian Institute of Public Administration | Indian Institute of Public Administration | 2023-02-13 | TNC B142 B229 | GR23234 | 2023-02-13 | 2023-02-13 | GR |
